| 000 | 00360nam a2200145Ia 4500 | ||
|---|---|---|---|
| 008 | 230917s9999||||xx |||||||||||||| ||und|| | ||
| 040 |
_e47812 _aMAIN |
||
| 041 | _aEnglish | ||
| 082 | _a843.7 F617T | ||
| 100 | _aFlaubert, Gustave | ||
| 245 | 4 | _aThe temptation of saint antony | |
| 260 |
_aLondon _bSecker & Warburg _c1980 |
||
| 300 | _a293 p. | ||
| 942 | _cBK | ||
| 999 |
_c226083 _d226083 |
||